| 000 | 00638nam a2200181Ia 4500 | ||
|---|---|---|---|
| 008 | 100917s9999 xx 000 0 und d | ||
| 082 | _b27719 | ||
| 100 | _aकुलकर्णी श्रीविलास | ||
| 245 | _aआजोबांच्या गोष्टी भाग 1 | ||
| 260 |
_bकेदार प्रकाशन _c1963 |
||
| 300 | _a64 | ||
| 365 | _b3 | ||
| 520 | _aबालविभाग | ||
| 630 | _aआजोबांच्या गोष्टी भाग 1 | ||
| 650 | _aबालविभाग | ||
| 730 | _aआजोबांच्या गोष्टी भाग 1 | ||
| 942 | _cBOOK | ||
| 999 |
_c633113 _d633110 |
||